|
|
|
|
| LEADER |
00887nam a2200265 a 4500 |
| 001 |
4267 |
| 003 |
BD-DhAAL |
| 005 |
20150920094633.0 |
| 008 |
150920s2002 ii b 001 0 eng |
| 010 |
|
|
|a 2001413136
|
| 020 |
|
|
|a 0195663195
|
| 020 |
|
|
|a 0195655540
|
| 040 |
|
|
|a DLC
|c DLC
|d DLC
|d BD-DhAAL
|
| 050 |
0 |
0 |
|a HM51
|b .B46 2002
|
| 082 |
0 |
0 |
|a 301
|2 21
|
| 100 |
1 |
|
|a Béteille, André.
|9 14840
|
| 245 |
1 |
0 |
|a Sociology :
|b essays on approach and method /
|c André Béteille.
|
| 260 |
|
|
|a New Delhi ;
|a New York :
|b Oxford University Press,
|c c2002.
|
| 300 |
|
|
|a viii, 286 p. ;
|c 22 cm.
|
| 504 |
|
|
|a Includes bibliographical references and indexes.
|
| 541 |
|
|
|e 4267
|
| 650 |
|
0 |
|a Sociology.
|9 14841
|
| 942 |
|
|
|2 ddc
|c BK
|
| 999 |
|
|
|c 35607
|d 35607
|
| 952 |
|
|
|0 0
|1 0
|2 ddc
|4 0
|6 301_000000000000000_BET
|7 0
|9 55992
|a SCL
|b SCL
|c GEN
|d 2015-09-20
|g 350.00
|l 0
|o 301 BET
|p 3020004267
|r 2015-09-20
|t 1
|w 2015-09-20
|y BK
|